| 000 | 00874nas a2200241 4500 | ||
|---|---|---|---|
| 001 | BR8107875 | ||
| 003 | BR-BrBNA | ||
| 005 | 20231205084921.0 | ||
| 007 | ta | ||
| 008 | 230509b bl.|||p| |||| 00| 00por d | ||
| 040 |
_aBR-BrBNA _bpor _cBiblioteca Nacional de Agricultura |
||
| 041 | _a(Pt) | ||
| 072 | _aS10; Q20 | ||
| 100 | 1 | _aVargas, O.L. | |
| 245 | 1 | _aInstabilidade de comportamento em culturas lacticas; 2 - Efeito do teor de gordura do leite na inducao e repressao da producao de material capsular em uma cultura de Streptococcus cremoris [bacteria] | |
| 650 | _aLEITE | ||
| 650 | _aGORDURA ANIMAL | ||
| 650 | _aBACTERIA | ||
| 650 | _aANALISE QUIMICA | ||
| 773 | 0 |
_tRevista do Instituto de Laticinios Candido Tostes (Brazil) _xISSN 0100-3674 _g(May-Jun 1981), v. 36(215) p. 3-7 _wBR8107875 |
|
| 909 |
_a202311 _bLúcia _c55 _dLúcia Elande |
||
| 942 |
_2AGRIS _n0 _cANA |
||
| 999 |
_c108102 _d108102 |
||